Normal view
MARC view
- تأليف الشنتريني، أبي الحسن علي بن بسام؛ تحقيق سالم مصطفى البدري
Entry Personal Name
001 - CONTROL NUMBER
- control field: 27149
003 - CONTROL NUMBER IDENTIFIER
- control field: JO-AjAnu
005 - DATE AND TIME OF LATEST TRANSACTION
- control field: 20230606074621.0
008 - FIXED-LENGTH DATA ELEMENTS
- fixed length control field: 230606|| aca||aabn | a|a d
040 ## - CATALOGING SOURCE
- Original cataloging agency: JO-AjAnu
- Transcribing agency: JO-AjAnu
100 ## - HEADING--PERSONAL NAME
- Personal name: تأليف الشنتريني، أبي الحسن علي بن بسام؛ تحقيق سالم مصطفى البدري
670 ## - SOURCE DATA FOUND
- Source citation: Work cat.: (JO-AjAnu)13944: تأليف الشنتريني، أبي الحسن علي بن بسام؛ تحقيق سالم مصطفى البدري, author, الذخيرة في محاسن أهل الجزيرة